Effectif FC Clermont saison 2023/2024 - Statistiques

Statistiques générales
  • Ce quiz a été pris 747 fois
    93 depuis la dernière actualisation
  • Le résultat moyen est 11 sur 25
Statistiques - réponses
Hint Réponse % Correct
M Johan Gastien
87%
Coach Pascal Gastien
87%
G Mory Diaw
73%
M Maxime Gonalons
60%
M Muhammed Cham
56%
M Jim Allevinah
55%
D Maximiliano Caufriez
53%
M Yohann Magnin
53%
A Grejohn Kyei
49%
D Neto Borges
44%
A Elbasan Rashani
42%
D Florent Ogier
42%
A Shamar Nicholson
40%
D Andy Pelmard
38%
D Cheick Konaté
38%
D Mehdi Zeffane
38%
A Komnen Andrić
36%
D Jérémy Jacquet
31%
A Bilal Boutobba
29%
M Habib Keïta
29%
G Massamba Ndiaye
29%
D Chrislain Matsima
25%
G Théo Borne
24%
D Yoël Armougom
20%
A Jérémie Bela
16%
Aucun quiz correspondant
Distribution des résultats
% des personnes avec chaque résultat
Percentile par nombre de réponses
Votre historique - résultats
Vous n’avez pas pris ce quiz depuis la dernière actualisation